| 000 | 00882nam a2200241 a 4500 | ||
|---|---|---|---|
| 003 | MX-MxUPN | ||
| 005 | 20241001063846.0 | ||
| 008 | 991125s1935 mx gr 000 0 spa d | ||
| 035 | _aUPN01000011689 | ||
| 040 |
_aMX-MxUPN _bspa _cMX-MxUPN |
||
| 041 | _aspa | ||
| 050 | 4 |
_aLB1119 _bH83 1935 |
|
| 100 | 1 | _aHuerta, Miguel | |
| 245 | 1 | 3 | _aLa clasificación escolar su función protectora del niño y sus ventajas para la educación |
| 260 |
_aMéxico : _bTalleres Gráficos de la Nación, _c1935. |
||
| 300 | _a40 páginas | ||
| 500 | _a"Contribución del Departamento de Psicopedagogía e Higíene [de la SEP] para el VII Congreso Panamericano del Niño" | ||
| 650 | 4 |
_aNiño, estudio del _vCongresos _926163 |
|
| 710 | 2 |
_aInstituto Nacional de Pedagogía (México) _epropietario anterior _928088 |
|
| 902 | _bMaríaRobles/260624 | ||
| 905 | _aLibro | ||
| 942 |
_2lcc _cLIBRO _n0 |
||
| 999 |
_c11689 _d11689 |
||